'Quake' Monsters - Statistics

General Stats
  • This quiz has been taken 37 times
  • The average score is 9 of 15
Answer Stats
Description Health Attack 1 Damage Attack 2 Damage Monster % Correct
Undead 60 Body Part 10 - - Zombie
96%
Giant hideous beast 600 Lightning Beam 10 per hit Claw (Both) up to 80 (up to 120) Shambler
93%
Big monster with chainsaw 200 Chainsaw 4-12 Grenade up to 40 Ogre
85%
Huge tentacle monster boss 40,000 Aura 10 - - Shub-Niggurath
81%
Soldier in armour 75 Sword 12-18 Charge 20-30 Knight
70%
Three-legged witch monster 400 Firepod 40 - - Vore
70%
Upgraded soldier in armour 250 Sword 20-36 Beam up to 40 Death Knight
56%
Walking scissors 300 Jump 40-50 Claw 9 per hit (up to 54) Fiend
56%
Posessed soldier 30 Shotgun 16 - - Grunt
56%
Evil dog 25 Bite 1-24 Jump 10-20 Rottweiler
56%
Evil bouncy blob 80 Jump 10-20 Explosion up to 120 Spawn
52%
Lava demon boss 1 (Easy) 3 (Normal+) Lava Balls up to 120 - - Chthon
44%
Ugly floating monster 80 Spit 9 - - Scrag
44%
Upgraded soldier 80 Laser Shot 15 - - Enforcer
41%
Evil fish 25 Nibble 3-6 - - Rotfish
41%
No matching quizzes found
Score Distribution
Percent of People with Each Score
Percentile by Number Answered
Your Score History
You have not taken this quiz